| 000 | 00915nam a2200277 a 4500 | ||
|---|---|---|---|
| 003 | CO-ViMGA | ||
| 005 | 20230915233128.0 | ||
| 008 | 130201s2011 sp a jr 0001j spa d | ||
| 020 | _a9788492750610 | ||
| 040 |
_aCO-ViMGA _bspa _cCO-ViMGA |
||
| 041 | 1 | _heng | |
| 043 | _ae-uk-en | ||
| 082 | 0 | 4 |
_aI028 _bD85n _221 |
| 100 | 1 |
_aDunbar, Polly. _93145 |
|
| 245 | 1 | 0 |
_a{No muerdas, Dudú! / _cPolly Dunbar ; traducción Gabriela Keselman. |
| 260 |
_a[Madrid] : _bKókinos, _c2011. |
||
| 300 |
_a[32] p. : _bil. ; _c22 cm. |
||
| 490 | 1 | _aTilly y sus amigos | |
| 534 |
_pTítulo original : _tDoodle bites. |
||
| 650 | 1 | 4 |
_aAnimales _x Libros ilustrados para niños. _9580 |
| 650 | 1 | 4 |
_aCocodrilos _x Libros ilustrados para niños. _93146 |
| 650 | 1 | 4 |
_aCuentos infantiles ingleses. _9103 |
| 650 | 1 | 4 |
_aLibros ilustrados para niños. _987 |
| 700 | 1 |
_aKeselman, Gabriela, _d1953-, _etr. _93147 |
|
| 942 |
_2ddc _cBK |
||
| 999 |
_c35434 _d35434 |
||